Poseídos por el amor

Uloženo v:
Podrobná bibliografie
Hlavní autor: Cozzens, James Gould (Autor)
Médium: Kniha
Jazyk:španělština
Vydáno: Buenos Aires Goyanarte 1962
Vydání:2a. ed
Témata:
Tagy: Přidat tag
Žádné tagy, Buďte první, kdo vytvoří štítek k tomuto záznamu!

MARC

LEADER 00000cam a2200000 a 4500
001 UCE2424
003 CL-VaPUC
008 140703e19620000ag |||||||||||||||||spa|d
082 0 4 |a 813  |b COZ  |2 21 
100 0 |a Cozzens, James Gould  |e author  |9 574879 
245 1 0 |a Poseídos por el amor 
250 |a 2a. ed 
300 |a 525 p 
942 |c BK 
945 |d 20140703 14:09:00  |a dcastane 
260 |a Buenos Aires  |b Goyanarte  |c 1962 
650 0 |a Novelas estadounidenses  |9 265217 
650 0 |a Literatura estadounidense  |9 317168 
583 |a last modification  |c 20140703 14:09:00  |k Rodrigo Vera 
999 |c 356025  |d 356023 
952 |0 0  |1 0  |3 erb  |4 0  |6 813_000000000000000_COZ_1962  |7 0  |8 A  |9 463099  |a BIBEDU  |b BIBEDU  |i 5048095  |o 813 COZ 1962  |p 5048095  |r 2019-11-23  |w 2019-11-23  |y BK  |z Catalogado en:20140703  |k LIT